Animation Technique: (Record no. 6366)

000 -LEADER
fixed length control field 00354nam a2200145Ia 4500
008 - FIXED-LENGTH DATA ELEMENTS--GENERAL INFORMATION
fixed length control field 190704s9999||||xx |||||||||||||| ||und||
020 ## - INTERNATIONAL STANDARD BOOK NUMBER
International Standard Book Number 1555213316
082 ## - DEWEY DECIMAL CLASSIFICATION NUMBER
Classification number 791.433
Item number NOA/A
100 ## - MAIN ENTRY--PERSONAL NAME
Personal name Noake, Roger
245 #0 - TITLE STATEMENT
Title Animation Technique:
250 ## - EDITION STATEMENT
Edition statement 1st Edition
260 ## - PUBLICATION, DISTRIBUTION, ETC.
Place of publication, distribution, etc. New Jersey
Name of publisher, distributor, etc. Chartwell Books, INC
Date of publication, distribution, etc. 1988
300 ## - PHYSICAL DESCRIPTION
Extent 159p.
942 ## - ADDED ENTRY ELEMENTS (KOHA)
Koha item type Book

No items available.

All Rights Reserved@MUIT

Powered by Koha